[Event "Wch FIDE Online U18 Asia qual"]
[Site "Tornelo INT"]
[Date "2020.12.11"]
[Round "1"]
[White "Arjun, Gupta"]
[Black "Neelash, Saha"]
[Result "0-1"]
[WhiteElo "1932"]
[BlackElo "2413"]
[PlyCount "230"]
[EventDate "2020.12.11"]
[EventType "swiss (rapid)"]
[EventRounds "7"]
[EventCountry "ISS"]
[SourceTitle "EXT 2022"]
[Source "ChessBase"]
[SourceDate "2021.10.06"]
[SourceVersion "1"]
[SourceVersionDate "2021.10.06"]
[SourceQuality "1"]

1. d4 e6 2. Bf4 Nf6 3. e3 c5 4. c3 Nc6 5. Nf3 d5 6. Nbd2 cxd4 7. exd4 Nh5 8. Be3 Bd6 9. Ne5 Nf6 10. f4 Qb6 11. Qb3 Qxb3 12. axb3 0-0 13. b4 Ne7 14. Bf2 a6 15. Bd3 Ne8 16. g3 Nc7 17. 0-0 f6 18. Nef3 Bd7 19. Rfe1 b6 20. Ra2 a5 21. bxa5 Rxa5 22. Rea1 Rfa8 23. Bb1 Bb5 24. Nb3 Rxa2 25. Rxa2 Rxa2 26. Bxa2 h5 27. Nbd2 Bd3 28. Bb1 Bxb1 29. Nxb1 b5 30. Kf1 Nc6 31. Ke2 Na5 32. Nbd2 Kf7 33. Ne1 b4 34. Nc2 bxc3 35. bxc3 Na8 36. Kd3 Nb6 37. Ne3 Kg6 38. Ng2 Na4 39. h3 Ba3 40. g4 hxg4 41. hxg4 Bc1 42. Nf3 Nc4 43. Ngh4+ Kf7 44. Ng2 Ke7 45. Be1 Kd7 46. Bd2 Ba3 47. Ne3 Nab2+ 48. Kc2 Bd6 49. Ng2 Kc6 50. Bc1 Na4 51. Nd2 Ncb6 52. Kd3 Kb5 53. f5 e5 54. dxe5 Bxe5 55. Nf3 Bxc3 56. g5 Nc4 57. g6 Nd6 58. Ngh4 Bb4 59. Bh6 Nc5+ 60. Ke2 Ne8 61. Be3 Ne4 62. Nd4+ Kc4 63. Ne6 Bc3 64. Nf3 N4d6 65. Nh4 d4 66. Bd2 Ne4 67. Bf4 d3+ 68. Kf3 d2 69. Ke2 Kb3 70. Nf3 Kc2 71. Ned4+ Bxd4 72. Nxd4+ Kc3 73. Nf3 N8d6 74. Nxd2 Nxd2 75. Bxd6 Ne4 76. Bf4 Kd4 77. Kf3 Kd5 78. Kg4 Nd6 79. Bh6 Ne8 80. Bf4 Ke4 81. Bc1 Nd6 82. Bb2 Nxf5 83. Ba1 Ne7 84. Kh5 Kf5 85. Bb2 Nxg6 86. Ba3 Nf4+ 87. Kh4 g5+ 88. Kg3 Ng6 89. Bb2 Ne5 90. Bc3 Nf7 91. Bb2 Nd6 92. Ba1 Ne4+ 93. Kf3 g4+ 94. Ke3 Ng5 95. Bb2 Ne6 96. Ba1 Kg5 97. Kf2 f5 98. Be5 f4 99. Bd6 Kf5 100. Bb4 Ke4 101. Be1 Nd4 102. Kg2 Nc2 103. Bf2 Ne3+ 104. Kh2 Kf3 105. Be1 Ke2 106. Bh4 f3 107. Bg3 Nf1+ 108. Kg1 Nxg3 109. Kh2 Ne4 110. Kg1 f2+ 111. Kh2 g3+ 112. Kh3 f1Q+ 113. Kg4 g2 114. Kh5 g1Q 115. Kh6 Qh3# 0-1

[Event "Wch FIDE Online U18 Asia qual"]
[Site "Tornelo INT"]
[Date "2020.12.11"]
[Round "2"]
[White "Reehan Saeed, Ismail"]
[Black "Arjun, Gupta"]
[Result "0-1"]
[WhiteElo "1521"]
[BlackElo "1932"]
[PlyCount "72"]
[EventDate "2020.12.11"]
[EventType "swiss (rapid)"]
[EventRounds "7"]
[EventCountry "ISS"]
[SourceTitle "EXT 2022"]
[Source "ChessBase"]
[SourceDate "2021.10.06"]
[SourceVersion "1"]
[SourceVersionDate "2021.10.06"]
[SourceQuality "1"]

1. e4 e5 2. Nc3 Nf6 3. f4 d6 4. Nf3 Nc6 5. Bc4 Bg4 6. d3 Be7 7. 0-0 Nd4 8. Be3 Nxf3+ 9. gxf3 Be6 10. fxe5 dxe5 11. Bxe6 fxe6 12. f4 exf4 13. Rxf4 0-0 14. Qe2 Qe8 15. Raf1 Bd6 16. Rh4 Nd7 17. Rxf8+ Nxf8 18. Qg4 c6 19. Rh5 e5 20. Ne2 Qe6 21. Rg5 g6 22. d4 Qxa2 23. b3 Qxc2 24. dxe5 Be7 25. Rf5 Qxb3 26. Bh6 Ne6 27. Rf3 Qd1+ 28. Rf1 Qd7 29. Nf4 Qd4+ 30. Rf2 Nf8 31. Ne6 Qd7 32. Bxf8 Rxf8 33. Rxf8+ Bxf8 34. h3 a5 35. Nd4 Qxg4+ 36. hxg4 Bc5 0-1

[Event "IND-ch U15"]
[Site "Tiruchengode"]
[Date "2019.07.12"]
[Round "5"]
[White "Arjun, Gupta"]
[Black "Soham, Kamotra"]
[Result "0-1"]
[WhiteElo "1851"]
[BlackElo "2136"]
[PlyCount "66"]
[EventDate "2019.07.09"]
[EventType "swiss"]
[EventRounds "11"]
[EventCountry "IND"]
[SourceTitle "EXT 2020"]
[Source "ChessBase"]
[SourceDate "2019.10.17"]
[SourceVersion "1"]
[SourceVersionDate "2019.10.17"]
[SourceQuality "1"]

1. d4 Nf6 2. Bf4 e6 3. e3 b6 4. Nf3 Bb7 5. Bd3 d5 6. Nbd2 Bd6 7. Ne5 0-0 8. Bg3 c5 9. c3 Nc6 10. f4 Ne7 11. Qf3 Nf5 12. Bf2 Be7 13. g4 Nd6 14. g5 Nfe4 15. Rg1 Qe8 16. h4 f5 17. gxf6 Bxf6 18. h5 Rc8 19. Ke2 Rc7 20. Rg2 cxd4 21. exd4 Bxe5 22. dxe5 Nxd2 23. Kxd2 Nc4+ 24. Kc2 Nxe5 25. Qe2 Nxd3 26. Qxd3 d4 27. Rg4 dxc3 28. bxc3 Qa4+ 29. Kb2 Be4 30. Qd4 Qc2+ 31. Ka3 Rxc3+ 32. Kb4 Qb2+ 33. Ka4 Ra3# 0-1

[Event "IND-ch U17"]
[Site "Haryana"]
[Date "2018.09.03"]
[Round "1"]
[White "Tarun, V Kanth"]
[Black "Arjun, Gupta"]
[Result "1-0"]
[WhiteElo "2258"]
[BlackElo "1519"]
[PlyCount "53"]
[EventDate "2018.09.03"]
[EventType "swiss"]
[EventRounds "11"]
[EventCountry "IND"]
[SourceTitle "CBM 186 Extra"]
[Source "ChessBase"]
[SourceDate "2018.08.24"]
[SourceVersion "1"]
[SourceVersionDate "2018.08.24"]
[SourceQuality "1"]

1. d4 Nf6 2. c4 g6 3. Nc3 Bg7 4. e4 d6 5. Bd3 0-0 6. Nge2 e5 7. d5 a5 8. 0-0 Na6 9. h3 Nc5 10. Bc2 Nh5 11. Be3 f5 12. exf5 gxf5 13. f4 exf4 14. Nxf4 Ng3 15. Rf3 Nge4 16. Nh5 Be5 17. Bd4 Bd7 18. Bxe5 dxe5 19. Nxe4 fxe4 20. Rxf8+ Qxf8 21. Qe1 Ra6 22. Bxe4 Bf5 23. Bxf5 Qxf5 24. Qh4 Rd6 25. Rf1 Qg6 26. Qe7 Nd7 27. Qd8+ 1-0